[Event "World Blitz 2025"]
[Site "Doha QAT"]
[Date "2025.12.30"]
[Round "18.109"]
[White "Raja, Rithvik R"]
[Black "Phuyal, Aashish"]
[Result "1-0"]
[WhiteTitle "GM"]
[WhiteElo "2541"]
[BlackElo "1955"]
[WhiteFideId "35007394"]
[BlackFideId "12312649"]
[EventDate "2025.12.29"]

1. Nf3 Nf6 2. c4 e6 3. g3 d5 4. Bg2 c5 5. cxd5 exd5 6. d4 Nc6 7. O-O Bg4 8. Ne5
Bf5 9. Nxc6 bxc6 10. Nc3 Bd6 11. dxc5 Bxc5 12. Na4 Bd6 13. Be3 O-O 14. Rc1 Bd7
15. Bd4 Re8 16. Nc5 a5 17. Bxf6 gxf6 18. Nb7 Qc7 19. Nxd6 Qxd6 20. e4 Be6 21.
Re1 Kg7 22. Qd4 Red8 23. e5 Qe7 24. Rxc6 fxe5 25. Rxe5 Kf8 1-0

[Event "World Blitz 2025"]
[Site "Doha QAT"]
[Date "2025.12.30"]
[Round "18.110"]
[White "Tran, Thanh Tu"]
[Black "Damaj, Mohammed"]
[Result "1-0"]
[WhiteTitle "IM"]
[BlackTitle "CM"]
[WhiteElo "2402"]
[BlackElo "2119"]
[WhiteFideId "12401404"]
[BlackFideId "11501731"]
[EventDate "2025.12.29"]

1. d4 d5 2. Nf3 c5 3. c3 cxd4 4. cxd4 Nc6 5. Nc3 Nf6 6. Bf4 a6 7. e3 Bf5 8. Bd3
Bxd3 9. Qxd3 e6 10. O-O Bd6 11. Bg5 Be7 12. a3 O-O 13. Rfc1 Rc8 14. b4 a5 15. b5
Nb8 16. Ne5 Nbd7 17. Na4 Nxe5 18. dxe5 Nd7 19. Rxc8 Qxc8 20. Bxe7 Re8 21. Bd6 f6
22. f4 f5 23. h3 Qd8 24. Rc1 Qh4 25. Qe2 Nf8 26. Rc7 Ng6 27. Nc5 Nxf4 28. exf4
Qxf4 29. Nxb7 Qd4+ 30. Qf2 Qd1+ 31. Kh2 Qh5 32. Nxa5 g5 33. b6 g4 34. b7 f4 35.
Qxf4 1-0

[Event "World Blitz 2025"]
[Site "Doha QAT"]
[Date "2025.12.30"]
[Round "18.111"]
[White "Murshed, Niaz"]
[Black "George Samir, David"]
[Result "1-0"]
[WhiteTitle "GM"]
[BlackTitle "IM"]
[WhiteElo "2341"]
[BlackElo "2343"]
[WhiteFideId "10200010"]
[BlackFideId "10657789"]
[EventDate "2025.12.29"]

1. d4 Nf6 2. Nf3 e6 3. g3 d5 4. Bg2 Be7 5. O-O Ne4 6. Nbd2 f5 7. Ne5 c6 8. Nxe4
fxe4 9. f3 exf3 10. Bxf3 O-O 11. c3 Nd7 12. Bf4 Nxe5 13. Bxe5 Bf6 14. Bxf6 Rxf6
15. e4 Bd7 16. e5 Rf8 17. Qd2 Qb6 18. Kg2 c5 19. Bg4 cxd4 20. cxd4 Rac8 21.
Rxf8+ Rxf8 22. a3 Bb5 23. Qb4 Rc8 24. Qe7 Re8 25. Qb4 a5 26. Qd2 Rf8 27. Rc1 Bc4
28. Rc3 Qa6 29. Rf3 Rc8 30. Qf4 h6 31. Qf7+ Kh8 32. Bxe6 Ra8 33. Qe7 Bd3 34.
Rf8+ Rxf8 35. Qxf8+ Kh7 36. Bf7 Be4+ 37. Kf2 h5 38. Bg8+ Kh6 39. Qd6+ Qxd6 40.
exd6 Bf5 41. Bxd5 Bd7 42. Bxb7 Kg6 43. b4 axb4 44. axb4 Kf6 45. Bd5 g5 46. Ke3
Bb5 47. Bb3 Ba6 48. d7 Ke7 49. Be6 Bb7 50. d5 Ba8 51. Kd4 h4 52. Kc5 Kd8 53. Kb6
hxg3 54. hxg3 g4 55. Ka7 Bb7 56. Kxb7 1-0

[Event "World Blitz 2025"]
[Site "Doha QAT"]
[Date "2025.12.30"]
[Round "18.112"]
[White "Nikitenko, Mihail"]
[Black "Anand, Tsogtbileg"]
[Result "1-0"]
[WhiteTitle "GM"]
[BlackTitle "CM"]
[WhiteElo "2476"]
[BlackElo "1968"]
[WhiteFideId "13506862"]
[BlackFideId "4926552"]
[EventDate "2025.12.29"]

1. d4 Nf6 2. c4 e6 3. Nf3 Bb4+ 4. Nbd2 O-O 5. e3 d6 6. Bd3 Qe7 7. a3 Bxd2+ 8.
Nxd2 e5 9. d5 a5 10. b3 Nbd7 11. e4 g6 12. g3 Nc5 13. Bc2 Bh3 14. f3 b6 15. Bb2
Nh5 16. Qe2 f5 17. exf5 Bxf5 18. Bxf5 Rxf5 19. O-O-O Re8 20. Rde1 Ng7 21. Kb1
Qf7 22. Rhf1 Qd7 23. Ka2 b5 24. cxb5 Rb8 25. a4 Rff8 26. Ne4 Nb7 27. f4 exf4 28.
Nf6+ Rxf6 29. Bxf6 Qf7 30. Qe7 1-0

[Event "World Blitz 2025"]
[Site "Doha QAT"]
[Date "2025.12.30"]
[Round "18.113"]
[White "Aziz, Husain"]
[Black "Ashwath Kaushik"]
[Result "1-0"]
[WhiteTitle "IM"]
[BlackTitle "FM"]
[WhiteElo "2256"]
[BlackElo "2345"]
[WhiteFideId "12100293"]
[BlackFideId "33387230"]
[EventDate "2025.12.29"]

1. d4 d5 2. Nf3 Nf6 3. Bf4 e6 4. e3 Bd6 5. Nbd2 Bxf4 6. exf4 c5 7. dxc5 Nbd7 8.
b4 Qc7 9. g3 a5 10. a3 O-O 11. Bd3 e5 12. fxe5 Nxe5 13. O-O Nxd3 14. cxd3 Bg4
15. Re1 Rfe8 16. Qb3 b6 17. cxb6 Qxb6 18. Qc3 axb4 19. axb4 Rxa1 20. Rxa1 h5 21.
Qd4 Qc6 22. Ne5 Qc2 23. Nf1 Bh3 24. Ne3 Qb3 25. Nf3 Rd8 26. Nd2 1-0

[Event "World Blitz 2025"]
[Site "Doha QAT"]
[Date "2025.12.30"]
[Round "18.114"]
[White "Alhassadi, Yousef A."]
[Black "Al Mashikhi, Salim Aliyan"]
[Result "1-0"]
[WhiteTitle "FM"]
[BlackTitle "FM"]
[WhiteElo "2098"]
[BlackElo "1952"]
[WhiteFideId "9204725"]
[BlackFideId "22000046"]
[EventDate "2025.12.29"]

1. e4 c5 2. c3 Nc6 3. Nf3 e5 4. Bc4 d6 5. d4 cxd4 6. cxd4 exd4 7. Nxd4 Nf6 8.
Nc3 Be7 9. O-O O-O 10. Bf4 Bg4 11. f3 Bh5 12. Kh1 Rc8 13. Be2 Ne5 14. Nf5 Bg6
15. Nxe7+ Qxe7 16. Rc1 Qe6 17. b3 a6 18. Bg3 Nh5 19. Bf2 Nf4 20. Be3 Nxe2 21.
Qxe2 f5 22. Bd4 fxe4 23. Nxe4 Nc6 24. Bb2 Rfe8 25. Rfe1 Qd7 26. Qd2 Bxe4 27.
fxe4 Qe6 28. Rcd1 Rcd8 29. Qd5 Rd7 30. Qg5 Qf7 31. Rf1 Qg6 32. Qd5+ Qe6 33. Qg5
h6 34. Qg3 Ne5 35. Rd5 Rf7 36. Rfd1 Qg4 37. Rxd6 Qxg3 38. hxg3 Ng4 1-0

[Event "World Blitz 2025"]
[Site "Doha QAT"]
[Date "2025.12.30"]
[Round "18.115"]
[White "Berend, Fred"]
[Black "Rami, Talab"]
[Result "0-1"]
[WhiteTitle "IM"]
[WhiteElo "2213"]
[BlackElo "2173"]
[WhiteFideId "4000102"]
[BlackFideId "7609787"]
[EventDate "2025.12.29"]

1. d4 d5 2. Nf3 Nf6 3. c3 Bf5 4. Bg5 e6 5. Nbd2 h6 6. Bh4 Nbd7 7. Qb3 Be7 8. e3
c5 9. h3 O-O 10. Be2 Bd6 11. g4 Bg6 12. g5 hxg5 13. Bxg5 Qc7 14. Rg1 cxd4 15.
exd4 Bf4 16. Nf1 Bxg5 17. Nxg5 e5 18. dxe5 Qxe5 19. Ne3 d4 20. Nf3 Qf4 21. Nxd4
Ne4 22. Bf3 Nec5 23. Qd5 Nd3+ 24. Ke2 Qh2 25. Rg2 Nf4+ 26. Kd2 Nxg2 27. Bxg2 Nf6
28. Qf3 Bh5 29. Qf5 Bg6 30. Qf3 Rad8 31. Ng4 Nxg4 32. hxg4 Qh6+ 33. Ke1 Rfe8+
34. Kf1 Qh2 35. Rd1 Be4 36. Qg3 Qxg3 37. fxg3 Bxg2+ 38. Kxg2 Re2+ 39. Kf3 Rxb2
40. a4 Ra2 41. Rb1 b6 42. Rb4 Rc8 43. Ne2 f6 44. Rd4 Re8 45. Nf4 Re7 46. Nd5
Ree2 47. g5 f5 48. g6 Rf2+ 49. Ke3 Rae2+ 50. Kd3 Rd2+ 51. Kc4 Rxd4+ 52. cxd4 Kf8
53. Kb5 Rd2 54. Nc7 Ke7 55. Kc4 Rc2+ 56. Kd5 Rxc7 57. a5 bxa5 58. Ke5 Rb7 59.
Kxf5 Rb5+ 60. Ke4 Kd6 61. g4 Rd5 62. g5 a4 63. Kd3 a6 64. Kc3 Rb5 0-1

[Event "World Blitz 2025"]
[Site "Doha QAT"]
[Date "2025.12.30"]
[Round "18.116"]
[White "Chekh Adm Khedr, Aram"]
[Black "Musovic, Armin"]
[Result "0-1"]
[WhiteTitle "FM"]
[BlackTitle "FM"]
[WhiteElo "2139"]
[BlackElo "2190"]
[WhiteFideId "7601948"]
[BlackFideId "939935"]
[EventDate "2025.12.29"]

1. e4 c6 2. d4 g6 3. c4 d5 4. cxd5 cxd5 5. e5 Nc6 6. Nc3 a6 7. g3 h5 8. h3 e6 9.
Bg2 Bh6 10. Nge2 Bd7 11. O-O Rc8 12. Bxh6 Nxh6 13. Nf4 Nf5 14. Ncxd5 exd5 15.
Nxd5 Nfxd4 16. Nf6+ Kf8 17. f4 Be6 18. Kh2 Nf5 19. Qa4 Qd4 20. Qa3+ Kg7 21. Rad1
Qb4 22. Qf3 Ncd4 23. Qe4 Rc2 24. b3 Re2 25. Qd3 Rxa2 26. Rc1 Rd2 27. Qe4 Re2 28.
Qd3 Qd2 29. Qxd2 Rxd2 30. Rc7 Ne3 31. Rg1 Nf3+ 0-1

[Event "World Blitz 2025"]
[Site "Doha QAT"]
[Date "2025.12.30"]
[Round "18.117"]
[White "Grafl, Florian"]
[Black "Blackwood, Ryan"]
[Result "1-0"]
[WhiteTitle "IM"]
[WhiteElo "2343"]
[BlackElo "1945"]
[WhiteFideId "4645715"]
[BlackFideId "7400640"]
[EventDate "2025.12.29"]

1. Nc3 Nf6 2. g4 h6 3. e4 d6 4. h3 c5 5. Bg2 Nc6 6. d3 g5 7. f4 gxf4 8. Bxf4 Bg7
9. Qd2 Qa5 10. Nge2 Be6 11. Nd5 Qxd2+ 12. Kxd2 Bxd5 13. exd5 Nb4 14. Nc3 Na6 15.
Rae1 Kd7 16. Bf3 Nc7 17. h4 b5 18. g5 hxg5 19. hxg5 b4 20. gxf6 bxc3+ 21. bxc3
Bxf6 22. Bg4+ e6 23. c4 Rag8 24. dxe6+ fxe6 25. Bf3 Rxh1 26. Rxh1 Bg5 27. Rh7+
Kd8 28. Bxg5+ Rxg5 29. Bc6 d5 30. cxd5 exd5 31. Rh8+ Ke7 32. Ra8 Kd6 33. Bb7
Rg2+ 34. Kc1 Nb5 35. Kb2 Nd4 36. Rh8 Rxc2+ 37. Kb1 Rd2 38. Rh6+ Kc7 39. Bxd5
Rxd3 40. Kb2 Re3 41. Ra6 Nb5 42. Rc6+ Kd7 43. Rxc5 Nd4 44. Bc4 Nc6 45. Bb5 Re6
46. Rh5 Kc7 47. Bc4 Rf6 48. a3 Kb6 49. Bd5 Kc7 50. Kc3 Kb6 51. Rh7 Rd6 52. Bc4
Rf6 53. Rh3 Ne5 54. Bd5 Nc6 55. Rh1 Rd6 56. Be4 Kc5 1-0

[Event "World Blitz 2025"]
[Site "Doha QAT"]
[Date "2025.12.30"]
[Round "18.118"]
[White "Ammar, Sedrani"]
[Black "Muntean, Victor"]
[Result "0-1"]
[WhiteTitle "FM"]
[WhiteElo "2203"]
[BlackElo "2169"]
[WhiteFideId "9312331"]
[BlackFideId "1054414"]
[EventDate "2025.12.29"]

1. d4 Nf6 2. Bg5 Nc6 3. e3 Ne4 4. Bf4 d5 5. Nd2 Nxd2 6. Qxd2 Bg4 7. f3 Bh5 8.
Bd3 f6 9. g4 Bf7 10. Ne2 e5 11. Bg3 Bd6 12. c3 Qd7 13. a4 h5 14. Bf5 Qe7 15. e4
exd4 16. Bxd6 Qxd6 17. Nxd4 Ne5 18. Qe2 g6 19. f4 Nc4 20. exd5+ Kf8 21. Qxc4
gxf5 22. Nxf5 Qxd5 23. Qb4+ c5 24. Qb5 Qxh1+ 25. Kd2 Rd8+ 26. Kc2 Qe4+ 27. Kc1
Qe1+ 28. Kc2 Rd2# 0-1

[Event "World Blitz 2025"]
[Site "Doha QAT"]
[Date "2025.12.30"]
[Round "18.119"]
[White "Dahal, Sushrut"]
[Black "Nainys, Zanas"]
[Result "0-1"]
[WhiteTitle "CM"]
[WhiteElo "2037"]
[BlackElo "2307"]
[WhiteFideId "12303275"]
[BlackFideId "12844098"]
[EventDate "2025.12.29"]

1. d4 a6 2. Nc3 b5 3. a4 b4 4. Ne4 d6 5. Nf3 g6 6. h4 Bb7 7. Ng3 h5 8. e4 Nd7 9.
Bc4 e6 10. Bg5 Be7 11. Qd2 Ngf6 12. Qe2 Ng4 13. O-O-O Nb6 14. Bb3 a5 15. d5 e5
16. Bxe7 Qxe7 17. Ng5 Ba6 18. Qd2 O-O-O 19. f3 Nf6 20. Nf1 Nfd7 21. Ne3 Nc5 22.
Kb1 Qd7 23. g3 Nbxa4 24. Bxa4 Qxa4 25. Nxf7 b3 26. cxb3 Nxb3 27. Qc3 Rdf8 28.
Nxh8 Rxf3 29. Nxg6 Rf2 30. Ne7+ Kd8 31. Nc6+ Ke8 32. Rhf1 Qa1# 0-1

[Event "World Blitz 2025"]
[Site "Doha QAT"]
[Date "2025.12.30"]
[Round "18.120"]
[White "Al-Kuwari, Hamad"]
[Black "Alrehaili, Ahmed Abdullah S"]
[Result "0-1"]
[WhiteTitle "CM"]
[BlackTitle "FM"]
[WhiteElo "1809"]
[BlackElo "2106"]
[WhiteFideId "12102679"]
[BlackFideId "21518840"]
[EventDate "2025.12.29"]

1. e4 e5 2. Nf3 Nc6 3. Bb5 a6 4. Ba4 d6 5. c3 Nf6 6. d3 g6 7. O-O Bd7 8. Be3 Bg7
9. h3 O-O 10. Nbd2 Qe8 11. Re1 Kh8 12. a3 Nh5 13. d4 Nxd4 14. cxd4 Bxa4 15. b3
Bd7 16. dxe5 dxe5 17. Qc2 Bc6 18. b4 Nf4 19. Nc4 Ba4 20. Qc3 Rd8 21. Ncxe5 Nd3
22. Bd4 Rxd4 23. Qxd4 Nxe5 24. Nxe5 Bxe5 25. Qc4 Bxa1 26. Rxa1 Qe5 27. Rc1 Bc6
28. f3 Kg7 29. Qe2 Rd8 30. Kh1 h5 31. Re1 Bb5 32. Qf2 Rd4 33. f4 Qd6 34. e5 Qd5
35. f5 Bc6 36. f6+ Kh7 37. e6 fxe6 38. f7 Rf4 39. f8=N+ Rxf8 0-1

[Event "World Blitz 2025"]
[Site "Doha QAT"]
[Date "2025.12.30"]
[Round "18.121"]
[White "Ahmad, Saif"]
[Black "Alsaqer, Meshal"]
[Result "0-1"]
[WhiteElo "1567"]
[BlackElo "1853"]
[WhiteFideId "12102709"]
[BlackFideId "10301771"]
[EventDate "2025.12.29"]

1. d4 d5 2. c4 e6 3. Nc3 Nf6 4. cxd5 Nxd5 5. e4 Nxc3 6. bxc3 c5 7. Nf3 cxd4 8.
Qxd4 Qc7 9. Be2 Nc6 10. Qd1 Bc5 11. O-O O-O 12. Qc2 e5 13. Bb2 Be6 14. Nd2 f6
15. Nb3 Bb6 16. Rad1 Rac8 17. Qb1 Bf7 18. c4 a6 19. c5 Ba7 20. Bg4 Rcd8 21. Rd3
Bxb3 22. axb3 Bxc5 23. Rfd1 Rxd3 24. Rxd3 Bd4 25. Bxd4 Nxd4 26. Qa2 Rd8 27. b4+
Kh8 28. h3 h6 29. Kh2 Nc6 30. Rxd8+ Qxd8 31. Qe6 Nd4 32. Qc8 Qxc8 33. Bxc8 Nc6
34. Bxb7 Nxb4 35. Kg3 Kg8 36. Kg4 Kf7 37. h4 a5 38. h5 a4 0-1

[Event "World Blitz 2025"]
[Site "Doha QAT"]
[Date "2025.12.30"]
[Round "18.122"]
[White "AlJamaat, Khaled"]
[Black "Fates, Omer Salah"]
[Result "0-1"]
[WhiteElo "1719"]
[BlackElo "2079"]
[WhiteFideId "12102415"]
[BlackFideId "9212035"]
[EventDate "2025.12.29"]

1. e4 e6 2. d4 d5 3. Nc3 Nf6 4. e5 Nfd7 5. f4 c5 6. Nf3 Nc6 7. Be3 a6 8. a3 Be7
9. Qd2 b5 10. f5 cxd4 11. fxe6 fxe6 12. Bxd4 O-O 13. Be2 Rb8 14. O-O-O Ndxe5 15.
Nxe5 0-1

[Event "World Blitz 2025"]
[Site "Doha QAT"]
[Date "2025.12.30"]
[Round "18.123"]
[White "Dinham, James"]
[Black "Al-Mansouri, Fahad"]
[Result "1-0"]
[WhiteElo "2091"]
[BlackElo "1607"]
[WhiteFideId "14327023"]
[BlackFideId "12102407"]
[EventDate "2025.12.29"]

1. Nf3 d5 2. g3 c5 3. Bg2 Nc6 4. d4 Bf5 5. O-O e6 6. dxc5 Bxc5 7. a3 a5 8. Nbd2
Nf6 9. c4 O-O 10. cxd5 exd5 11. Nb3 Bb6 12. Bg5 Be4 13. Rc1 h6 14. Bf4 a4 15.
Nc5 Qc8 16. Nxe4 dxe4 17. Ne5 Qe6 18. Nxc6 bxc6 19. Qd6 Qxd6 20. Bxd6 Rac8 21.
Bxf8 Kxf8 22. Rc4 c5 23. Bxe4 Nxe4 24. Rxe4 c4 25. Rc1 Rd8 26. Rcxc4 Rd1+ 27.
Kg2 Rd2 28. Rc8+ Rd8 29. Rxd8+ Bxd8 30. Rxa4 Ke7 31. Ra7+ Ke6 32. b4 g5 33. b5
Bb6 34. Ra6 Kd5 1-0

[Event "World Blitz 2025"]
[Site "Doha QAT"]
[Date "2025.12.30"]
[Round "18.124"]
[White "Alkhuriji, Abdulaziz N"]
[Black "Al-Janahi, Ibrahim"]
[Result "1-0"]
[WhiteElo "1972"]
[BlackElo "1656"]
[WhiteFideId "21525919"]
[BlackFideId "12102385"]
[EventDate "2025.12.29"]

1. e4 c5 2. Nf3 g6 3. d4 cxd4 4. Qxd4 Nf6 5. e5 Nc6 6. Qf4 Nd5 7. Qe4 Nb6 8. Be2
Bg7 9. O-O O-O 10. Nc3 d6 11. exd6 Qxd6 12. Bf4 Qe6 13. Qxe6 Bxe6 14. Rfd1 Rfd8
15. Bc7 Rxd1+ 16. Rxd1 Nc4 17. Bxc4 Bxc4 18. Bf4 Rd8 19. Rxd8+ Nxd8 20. Nd1 Be2
21. Nc3 Bxf3 22. gxf3 Bxc3 23. bxc3 Nc6 24. Kf1 Kg7 25. Ke2 Kf6 26. Kd3 Kf5 27.
Be3 a6 28. f4 e5 29. fxe5 Nxe5+ 30. Kd4 Nf3+ 31. Kc5 Nxh2 32. Kb6 Ng4 33. Bd4 h5
34. Kxb7 h4 35. f3 Ne5 36. Bg1 Nxf3 37. Bf2 h3 38. Bg3 Kg4 39. Bd6 Kf5 40. Bg3
Kg4 41. Bd6 h2 42. Bxh2 Nxh2 43. c4 Kf3 44. c5 g5 45. c6 g4 46. c7 g3 47. c8=Q
g2 48. Qc6+ Kf2 49. Qc5+ Kf1 50. Qc4+ Kf2 51. Qd4+ Kf1 52. Qd3+ Kf2 53. Qd2+ Kg3
54. Qe3+ Nf3 55. c4 g1=Q 56. Qxg1+ Nxg1 57. c5 f5 58. c6 f4 59. c7 f3 60. c8=Q
f2 61. Qc1 Kg2 62. Qg5+ Kf3 63. Qf5+ Kg2 64. Qg4+ Kh1 65. Qe4+ Kh2 66. Qf4+ Kg2
67. Kxa6 f1=Q+ 68. Qxf1+ Kxf1 69. a4 Nf3 70. a5 Nd4 71. Kb6 Ne6 72. a6 Nf8 73.
a7 Nd7+ 74. Kc7 1-0

[Event "World Blitz 2025"]
[Site "Doha QAT"]
[Date "2025.12.30"]
[Round "19.1"]
[White "Carlsen, Magnus"]
[Black "Abdusattorov, Nodirbek"]
[Result "1/2-1/2"]
[WhiteTitle "GM"]
[BlackTitle "GM"]
[WhiteElo "2840"]
[BlackElo "2732"]
[WhiteFideId "1503014"]
[BlackFideId "14204118"]
[EventDate "2025.12.29"]

1. e4 c5 2. Nf3 e6 3. c3 Nf6 4. e5 Nd5 5. d4 cxd4 6. cxd4 b6 7. a3 Bb7 8. Bd3
Be7 9. O-O O-O 10. Bd2 Na6 11. Nc3 Nac7 12. Ne4 f5 13. exf6 Nxf6 14. Qe2 Nxe4
15. Bxe4 Bxe4 16. Qxe4 Nd5 17. Rac1 Rc8 18. Ne5 Bf6 19. Rxc8 Qxc8 20. Rc1 Qd8
21. g3 Qe7 22. Bb4 Nxb4 23. axb4 Bxe5 24. dxe5 Qf7 25. Qd4 h5 26. Rc7 h4 27.
Rxd7 Qf3 28. Rd8 h3 29. Rxf8+ Qxf8 30. Qg4 Qc8 31. Qxh3 Qc1+ 32. Kg2 Qc6+ 33.
Kg1 Qc1+ 34. Kg2 Qc6+ 35. Kg1 1/2-1/2

[Event "World Blitz 2025"]
[Site "Doha QAT"]
[Date "2025.12.30"]
[Round "19.2"]
[White "Nihal, Sarin"]
[Black "Erigaisi, Arjun"]
[Result "1/2-1/2"]
[WhiteTitle "GM"]
[BlackTitle "GM"]
[WhiteElo "2701"]
[BlackElo "2775"]
[WhiteFideId "25092340"]
[BlackFideId "35009192"]
[EventDate "2025.12.29"]

1. d4 d5 2. Nf3 Nf6 3. g3 c5 4. Bg2 cxd4 5. O-O a6 6. Bf4 g6 7. Nxd4 Nbd7 8. Nb3
Bg7 9. Nc3 e5 10. Bg5 d4 11. Ne4 O-O 12. c3 h6 13. Bxf6 Nxf6 14. Nxf6+ Qxf6 15.
cxd4 exd4 16. Nc5 Qb6 17. Nd3 Bf5 18. Qb3 Qxb3 19. axb3 Rfe8 20. Bxb7 Rab8 21.
Bf3 1/2-1/2

[Event "World Blitz 2025"]
[Site "Doha QAT"]
[Date "2025.12.30"]
[Round "19.4"]
[White "Nepomniachtchi, Ian"]
[Black "Vachier-Lagrave, Maxime"]
[Result "1/2-1/2"]
[WhiteTitle "GM"]
[BlackTitle "GM"]
[WhiteElo "2723"]
[BlackElo "2734"]
[WhiteFideId "4168119"]
[BlackFideId "623539"]
[EventDate "2025.12.29"]

1. d4 Nf6 2. c4 g6 3. h4 Bg7 4. Nc3 Nc6 5. Nf3 d6 6. e4 e5 7. d5 Nd4 8. Be3 c5
9. dxc6 Nxf3+ 10. gxf3 bxc6 11. Qa4 Qc7 12. O-O-O O-O 13. Kb1 Be6 14. Bh3 Bxh3
15. Rxh3 Rfd8 16. Rhh1 a5 17. Rd2 h6 18. Rhd1 Bf8 19. a3 Rab8 20. Ka2 Kg7 21. c5
Nh5 22. cxd6 Rxd6 23. Rxd6 Bxd6 24. Qc4 Be7 25. Rh1 Qb7 26. Bc1 Nf4 27. b3 h5
28. Be3 Rd8 29. Ne2 Nxe2 30. Qxe2 a4 31. bxa4 Rb8 32. Qc2 Qa6 33. Bg5 Bxg5 34.
hxg5 Rd8 35. Rc1 Rd6 36. Qb2 Rd4 37. f4 Rxe4 38. fxe5 Re2 39. Rc2 Rxc2 40. Qxc2
h4 41. e6 fxe6 42. Qc3+ Kg8 43. a5 Qe2+ 44. Kb3 Qb5+ 45. Kc2 Qe2+ 46. Qd2 Qc4+
47. Kb2 h3 48. Qd8+ Kh7 49. Qe7+ Kg8 50. Qd8+ Kh7 51. Qc7+ Kg8 52. Qb8+ Kf7 53.
Qb7+ Ke8 54. a6 Qd4+ 55. Kb3 Qd3+ 56. Kb4 Qd4+ 57. Kb3 Qd3+ 58. Ka2 Qe2+ 59. Qb2
Qxa6 60. Qh8+ Kd7 61. Qxh3 Qe2+ 62. Kb3 Qb5+ 63. Kc2 Qxg5 64. Qd3+ Kc7 65. Qe2
Qc5+ 66. Kb2 Qb5+ 67. Qxb5 cxb5 68. Kc3 Kb6 69. Kd4 Ka5 70. f4 Ka4 71. Kc5 Kxa3
72. Kxb5 Kb3 73. Kc5 Kc3 74. Kd6 Kd4 75. Kxe6 Ke4 76. Kf6 Kxf4 77. Kxg6 1/2-1/2

[Event "World Blitz 2025"]
[Site "Doha QAT"]
[Date "2025.12.30"]
[Round "19.5"]
[White "Dubov, Daniil"]
[Black "Radjabov, Teimour"]
[Result "1/2-1/2"]
[WhiteTitle "GM"]
[BlackTitle "GM"]
[WhiteElo "2672"]
[BlackElo "2692"]
[WhiteFideId "24126055"]
[BlackFideId "13400924"]
[EventDate "2025.12.29"]

1. e4 e5 2. Nc3 Nc6 3. Bc4 Nf6 4. d3 Bb4 5. Bg5 Bxc3+ 6. bxc3 h6 7. Bxf6 Qxf6 8.
Ne2 d6 9. O-O Be6 10. Bb5 g5 11. Bxc6+ bxc6 12. Qd2 O-O 13. c4 Rfb8 14. f3 c5
15. Qc3 Rb6 16. f4 Kh7 17. fxg5 Qxg5 18. Rf3 Rab8 19. h3 Rb1+ 20. Rxb1 Rxb1+ 21.
Kh2 Qh4 22. Ng3 Qg5 23. Ne2 Qh4 24. Ng3 Qg5 25. Rf1 Rb8 26. Qe1 Rb2 27. Qc3 Rb8
28. Qe1 Rb2 29. Rf2 Rxa2 30. Qb1 Ra5 31. Qb8 Ra1 32. Qxc7 Qe3 33. Rxf7+ Bxf7 34.
Qxf7+ Kh8 35. Qf8+ Kh7 36. Qf7+ Kh8 37. Qe8+ Kh7 38. Qd7+ Kh8 39. Qd8+ Kh7 40.
Qe7+ Kh8 41. Qf8+ Kh7 42. Qe7+ Kh8 43. Qe8+ Kh7 44. Qf7+ Kh8 45. Qf8+ 1/2-1/2

[Event "World Blitz 2025"]
[Site "Doha QAT"]
[Date "2025.12.30"]
[Round "19.6"]
[White "Pranesh, M"]
[Black "So, Wesley"]
[Result "0-1"]
[WhiteTitle "GM"]
[BlackTitle "GM"]
[WhiteElo "2627"]
[BlackElo "2753"]
[WhiteFideId "35028600"]
[BlackFideId "5202213"]
[EventDate "2025.12.29"]

1. e4 e5 2. Nf3 Nc6 3. Nc3 Nf6 4. Bb5 Bd6 5. d3 O-O 6. Ba4 Re8 7. O-O h6 8. Be3
Bf8 9. Nd5 Nxd5 10. exd5 Ne7 11. c4 Nf5 12. d4 Nxe3 13. fxe3 exd4 14. exd4 Re7
15. Qd3 d6 16. Nh4 g6 17. Bc2 Qe8 18. Qg3 Bg7 19. Kh1 Bd7 20. Rf3 Bxd4 21. Nxg6
fxg6 22. Bxg6 Qd8 23. Bf7+ Kh8 24. Raf1 Bg7 25. h4 Re4 26. Rf4 Rxf4 27. Qxf4 Qe7
28. g4 Rf8 29. g5 Qe5 30. Qf3 Be8 31. g6 Qe7 32. Qf4 Qe5 33. Qf3 Bd7 34. b3 a5
35. Rf2 a4 36. Re2 Qf6 37. Qg2 axb3 38. axb3 Qxh4+ 39. Kg1 Bd4+ 40. Kf1 Bh3 0-1

[Event "World Blitz 2025"]
[Site "Doha QAT"]
[Date "2025.12.30"]
[Round "19.7"]
[White "Sindarov, Javokhir"]
[Black "Duda, Jan-Krzysztof"]
[Result "1/2-1/2"]
[WhiteTitle "GM"]
[BlackTitle "GM"]
[WhiteElo "2726"]
[BlackElo "2729"]
[WhiteFideId "14205483"]
[BlackFideId "1170546"]
[EventDate "2025.12.29"]

1. e4 c6 2. Nf3 d5 3. d3 Bg4 4. h3 Bxf3 5. Qxf3 e6 6. g3 Nd7 7. Bg2 Ngf6 8. Qe2
dxe4 9. dxe4 Be7 10. O-O Qc7 11. a4 O-O 12. Nd2 Rfe8 13. Rd1 Bf8 14. Nc4 e5 15.
Be3 Bc5 16. Bxc5 Nxc5 17. b4 Ne6 18. c3 Rad8 19. h4 b5 20. Ne3 a6 21. axb5 1/2-1/2

[Event "World Blitz 2025"]
[Site "Doha QAT"]
[Date "2025.12.30"]
[Round "19.8"]
[White "Lazavik, Denis"]
[Black "Yu, Yangyi"]
[Result "1-0"]
[WhiteTitle "GM"]
[BlackTitle "GM"]
[WhiteElo "2605"]
[BlackElo "2717"]
[WhiteFideId "13515110"]
[BlackFideId "8603820"]
[EventDate "2025.12.29"]

1. c4 Nf6 2. Nc3 c5 3. Nf3 e6 4. g3 b6 5. e4 Bb7 6. d3 d6 7. Bg2 g6 8. O-O Bg7
9. Re1 Nc6 10. d4 cxd4 11. Nxd4 Nxd4 12. Qxd4 O-O 13. Qd3 Ng4 14. Qe2 Ne5 15.
Bd2 a6 16. Rac1 Qc7 17. b3 Rac8 18. Be3 Ba8 19. h3 Qb8 20. Red1 Rfd8 21. Qd2 b5
22. cxb5 axb5 23. Bg5 b4 24. Na4 Rxc1 25. Rxc1 Rd7 26. Be3 Bc6 27. f4 d5 28. Nc5
d4 29. Bf2 Rd8 30. fxe5 Qxe5 31. Nd3 Qb5 32. Nxb4 Bb7 33. Nd3 e5 34. Rc5 Qe8 35.
Rc7 Ba8 36. g4 Qb5 37. Rc5 Qb6 38. Qc2 Bb7 39. Be1 Re8 40. a4 Ba6 41. a5 Qd6 42.
b4 Qd7 43. Bg3 f6 44. Bf1 Kh8 45. Rc7 Qd8 46. Qc6 Bxd3 47. Bxd3 Rg8 48. Qd7 Qb8
49. Bc4 Qxb4 50. Qxg7+ Rxg7 51. Rc8+ 1-0

[Event "World Blitz 2025"]
[Site "Doha QAT"]
[Date "2025.12.30"]
[Round "19.9"]
[White "Martirosyan, Haik M."]
[Black "Matlakov, Maxim"]
[Result "0-1"]
[WhiteTitle "GM"]
[BlackTitle "GM"]
[WhiteElo "2625"]
[BlackElo "2606"]
[WhiteFideId "13306553"]
[BlackFideId "4168003"]
[EventDate "2025.12.29"]

1. d4 d5 2. c4 c6 3. Nf3 Nf6 4. Nc3 a6 5. e3 e6 6. Bd3 dxc4 7. Bxc4 b5 8. Be2
Bb7 9. Ne5 Nbd7 10. O-O Be7 11. b3 O-O 12. Nxd7 Qxd7 13. Bb2 Rfd8 14. Rc1 Rac8
15. Bf3 c5 16. dxc5 Rxc5 17. Qxd7 Rxd7 18. Bxb7 Rxb7 19. Ne2 Ne4 20. Rxc5 Bxc5
21. Rc1 f6 22. Kf1 Rc7 23. f3 Nd6 24. Ba3 Nb7 25. Nf4 Kf7 26. Ke2 Bd6 27. Rxc7+
Bxc7 28. Nd3 Bxh2 29. f4 h5 30. Kf3 h4 31. Bb4 g5 32. Be1 Kg6 33. Nb4 Nc5 34.
fxg5 fxg5 35. Nc6 Bd6 36. Bc3 Kh5 37. b4 g4+ 38. Ke2 Ne4 39. Be1 h3 40. gxh3
gxh3 41. Kf3 Ng5+ 42. Kf2 Kg4 43. Bc3 Ne4+ 0-1